Online
Catalog

"Hablo, señores, de la libertad para todos" : (Record no. 2183)

MARC details
000 -CABECERA
campo de control de longitud fija 00953cam a2200241 a 4500
001 - NÚMERO DE CONTROL
campo de control 000002338
005 - FECHA Y HORA DE LA ÚLTIMA TRANSACCIÓN
campo de control 20200929150203.0
008 - DATOS DE LONGITUD FIJA--INFORMACIÓN GENERAL
campo de control de longitud fija 070716s2006 sp b 001 0 spa d
020 ## - NÚMERO INTERNACIONAL ESTÁNDAR DEL LIBRO
Número Internacional Estándar del Libro 8479089040
040 ## - FUENTE DE LA CATALOGACIÓN
Centro catalogador/agencia de origen DO-SdBNP
Centro/agencia transcriptor DLC
082 ## - NÚMERO DE LA CLASIFICACIÓN DECIMAL DEWEY
Número de clasificación 985
Número de documento/Ítem L864h
100 1# - ENTRADA PRINCIPAL--NOMBRE DE PERSONA
Nombre de persona López Alfonso, Francisco José
9 (RLIN) 7435
245 11 - MENCIÓN DE TÍTULO
Título "Hablo, señores, de la libertad para todos" :
Resto del título López Albújar y el indigenismo en el Perú /
Mención de responsabilidad, etc. Francisco José López Alfonso ; prólogo de José Carlos Rovira.
260 ## - PUBLICACIÓN, DISTRIBUCIÓN, ETC.
Lugar de publicación, distribución, etc. Murcia, España :
Nombre del editor, distribuidor, etc. Universitat d'Alicant,
Fecha de publicación, distribución, etc. 2006.
300 ## - DESCRIPCIÓN FÍSICA
Extensión 199 p. ;
Dimensiones 18 cm.
440 #0 - MENCIÓN DE SERIE/PUNTO DE ACCESO ADICIONAL--TÍTULO
Título Cuadernos de América sin nombre ;
Designación de volumen o secuencia 17
9 (RLIN) 7436
500 ## - NOTA GENERAL
Nota general Incluye referencias bibliográficas y notas al pie de las páginas
600 14 - PUNTO DE ACCESO ADICIONAL DE MATERIA--NOMBRE DE PERSONA
Nombre de persona LÓPEZ ALBÚJAR, ENRIQUE,
Fechas asociadas al nombre 1872-1966
Subdivisión general HISTORIA Y CRÍTICA
9 (RLIN) 7437
650 #4 - PUNTO DE ACCESO ADICIONAL DE MATERIA--TÉRMINO DE MATERIA
Término de materia o nombre geográfico como elemento de entrada Indígenas de perú
9 (RLIN) 7438
700 1# - PUNTO DE ACCESO ADICIONAL--NOMBRE DE PERSONA
Nombre de persona Rovira, José Carlos,
Término indicativo de función/relación pról.
9 (RLIN) 7439
910 ## - DATOS DE OPCIÓN DEL USUARIO (OCLC)
Datos de opción del usuario Catalogación por copia / LC
910 ## - DATOS DE OPCIÓN DEL USUARIO (OCLC)
Datos de opción del usuario WM
Holdings
Estado de retiro Estado de pérdida Restricciones de uso No para préstamo Código de colección Localización permanente Ubicación/localización actual Ubicación en estantería Fecha de adquisición Número de inventario Total de préstamos Signatura topográfica completa Código de barras Fecha visto por última vez Precio válido a partir de Tipo de ítem Koha
    Préstamo interno   Monografías: Libros y Folletos General General Depósito 10.07.2009 LF1   985 L864h 2338-10 25.06.2020 25.06.2020 Préstamo interno

Powered by Koha